Geography Quiz

Random Geography or World Quiz

Name the Two Capitals That... Quiz Stats

 Plays Quiz Updated Dec 26, 2018

Score 0/36 Timer 05:00
2 Plays Today
% Correct
Paris (France)
84.2%
Washington, DC (USA)
82.6%
Madrid (Spain)
82.4%
Bangkok (Thailand)
79.2%
Jerusalem (Israel)
74.6%
Vatican City (Vatican City)
69.7%
Kathmandu (Nepal)
65.4%
Reykjavik (Iceland)
63%
Helsinki (Finland)
62.9%
Kinshasa (DRC)
61.4%
Port-au-Prince (Haiti)
60.3%
Mexico City (Mexico)
57.9%
Harare (Zimbabwe)
56.7%
Brazzaville (Rep Congo)
56.4%
Bishkek (Kyrgyzstan)
55.5%
Santo Domingo (Dominican Republic)
51.6%
London (UK)
47.8%
La Paz (Bolivia)
47.5%
% Correct
Monrovia (Liberia)
45.8%
Lusaka (Zambia)
41.6%
Luxembourg (Luxembourg)
40.7%
Thimphu (Bhutan)
40.4%
Niamey (Niger)
36.6%
Funafuti (Tuvalu)
35.9%
Quito (Ecuador)
32.4%
Freetown (Sierra Leone)
32%
Honiara (Solomon Islands)
28.6%
Vaduz (Liechtenstein)
28.4%
Tokyo (Japan)
27.3%
Majuro (Marshall Islands)
26%
Bamako (Mali)
23.6%
Tashkent (Uzbekistan)
23.5%
St. John's (Antigua and Barbuda)
15.6%
St. George's (Grenada)
15.1%
Port of Spain (Trinidad and Tobago)
13.8%
Tirana (Albania)
6.2%

You're not logged in!

Compare scores with friends on all Sporcle quizzes.
OR
Log In

Show Comments

Extras

Top Quizzes Today


Score Distribution

Your Account Isn't Verified!

In order to create a playlist on Sporcle, you need to verify the email address you used during registration. Go to your Sporcle Settings to finish the process.

Report this User

Report this user for behavior that violates our Community Guidelines.

Details: